000 00653nam a2200241Ia 4500
003 OSt
005 20220918230548.0
006 a|||||r|||| 00| 0
007 ta
008 220917b |||||||| |||| 00| 0 eng d
024 _a255,989
037 _cTextual
040 _aARTS
_cARTS
_beng
041 _2eng
_aeng
082 _aV657:4:N0, K4
100 _aLloyd Alan
_9152837
245 0 _aDrums of kumasi
_b story of the ashanti wars
260 _aGrosvenor
_bSt. Longmans Green and Co. Ltd London
_c1964
300 _a205p
_ccm.
650 _aHISTORY
942 _hV657:4:N0, K4
_cTEXL
_2CC
999 _c288368
_d288368